000 00566nam a22001577a 4500
008 150515b xxu||||| |||| 00| 0 eng d
082 _a708
_bV 713d
100 _aVillagran, Plinio
_92663
245 _aDinamo Marlov Barrios
_cVillagran, Plinio
260 _aGuatemala
_bPrint Studio
_c2010
300 _a38 p.
_bill. (col)
_c24x30 cm
650 _xBarrios, Marlov-Exhibición
_xArte moderno
_xArte Latinoamericano
_zGuatemala
_92664
650 _xExhibiciones
_aArte Moderno
_ySiglo 21
_93761
650 _xExhibiciones
_zGuatemala
_aArte
_93762
700 _aPlinio Villagran
_92665
999 _c594
_d594